000 01248nam a2200229Ia 4500
003 Ost
005 20260507075222.0
008 260507s9999||||xx |||||||||||||| ||und||
020 _a9789947028506
040 _cfsecg
041 _aara
082 _a330
100 _aفارس، فضيل
_eمؤلف
245 0 _aالتسويق الدولي :
_bمفاهيم عامة، استراتيجياته، بيئته و كيفية اختيار الأسواق الدولية /
_c فضيل فارس
260 _aالجزائر:
_bمطبعة الاخوة الموساك,
_c2010
300 _a300 صفحة؛
_bإيضاحات ؛
_c24 سم
520 _aعموميات حول التسويق الدولي ، بعض نظريات الاستثمار المباشر الدولي و سلوكالتسويق الدولي ، متغيرات المناخ التسويق الدولي ،نظام المعلومات الدولية و بحوث التسسويق ، إختيار الاسواق الدولية و أساليب التواجد فيها ، عناصر المزيج التسويقي الدولي و استراتيجياته .
653 _aالأسواق الدولية
653 _aالتسويق
653 _aالتسويق الدولي
942 _cكتاب
999 _c43523
_d43523